Vista normal Vista MARC

Entrada Materia (personas)

Número de registros utilizados en: 1

001 - CONTROL NUMBER

  • control field: 93317

003 - CONTROL NUMBER IDENTIFIER

  • control field: Co-BoUCM

005 - DATE AND TIME OF LATEST TRANSACTION

  • control field: 20180814105510.0

008 - FIXED-LENGTH DATA ELEMENTS

  • fixed length control field: 180814|| aca||aabn | a|a d

040 ## - CATALOGING SOURCE

  • Original cataloging agency: Co-BoUCM
  • Transcribing agency: Co-BoUCM

100 ## - HEADING--PERSONAL NAME

  • Personal name: Ghislieri, Michele
  • Dates associated with a name: 1504-1572

670 ## - SOURCE DATA FOUND

  • Source citation: Work cat.: (Co-BoUCM)38220: Ghislieri, Michele 1504-1572, Michaelis Ghislerii ... Commentaria in Canticum Canticorum Salomonis, iuxta lectiones Vulgatam, hebraeam, & graecas, 1619